Arms and politics in Latin America

Saved in:
Bibliografiske detaljer
Hovedforfatter: Lieuwen, Edwin (Author)
Format: Bog
Sprog:engelsk
Udgivet: Nueva York Frederick A. Praeger 1961
Fag:
Tags: Tilføj Tag
Ingen Tags, Vær først til at tagge denne postø!

MARC

LEADER 00000nam a2200000 a 4500
001 UCO2707
003 CL-VaPUC
008 000608e19610000US |||||||||||||||||eng|d
082 0 4 |a 980  |b LIE  |2 21 
100 |a Lieuwen, Edwin  |e author  |9 446251 
245 1 0 |a Arms and politics in Latin America 
300 |a 335 p 
942 |c BK 
945 |d 20000608 00:00:00  |a rherrera 
260 |a Nueva York  |b Frederick A. Praeger  |c 1961 
650 0 |a Historia de América  |9 266076 
650 0 |a Armamentismo  |9 257034 
650 0 |a Política  |9 255312 
650 0 |a Relaciones Internacionales  |9 255740 
650 7 |a SIGLOS 19-20  |2 CL-VaPUC  |9 267705 
650 7 |a MILITARISMO  |2 CL-VaPUC  |9 321522 
651 0 |a América Latina   |9 255027 
583 |a last modification  |c 20000608 00:00:00  |k Rodrigo Vera 
999 |c 289206  |d 289204 
952 |0 0  |1 0  |4 0  |6 980_000000000000000_LIE_1961  |7 0  |8 A  |9 337432  |a BIBHIS  |b BIBHIS  |d 2019-11-20  |i 1286153  |o 980 LIE 1961  |p 1286153  |r 2025-01-20  |w 2019-11-20  |y BK  |k HIS